Loading...

Bonding through brotherhood /

Bibliographic Details
Format: Printed Book
Language:English
Published: New Delhi : Freemasonry in India 2011.
Subjects:
LEADER 00534nam a22001337a 4500
008 180709b xxu||||| |||| 00| 0 eng d
999 |c 23831  |d 23831 
082 |a 954  |b GRA 
245 |a Bonding through brotherhood /  |c Grand Lodge of India 
260 |a New Delhi :  |a Freemasonry in India  |c 2011. 
300 |a 146p. 
650 |a 1961 - 2011 , 50 years of Grand Lodge of India 
942 |2 ddc  |c BK 
952 |0 0  |1 0  |2 ddc  |4 0  |6 954_000000000000000_GRA  |7 0  |9 32706  |a MAIN  |b MAIN  |d 2018-07-09  |e GIft - (K. Jayakumar)  |g 1990.00  |o 954 GRA  |p 32574  |r 2018-07-09  |t 1  |w 2018-07-09  |y BK